| 000 | 00000cam 2200000zi 4500 |
| 001 | 9.835309 |
| 003 | CaOODSP |
| 005 | 20260515152807 |
| 006 | m o d f |
| 007 | cr mn||||||||| |
| 008 | 170413e197802##onc ob f000 0 eng d |
| 040 | |aCaOODSP|beng|erda|cCaOODSP |
| 043 | |an-cn--- |
| 086 | 1 |aNH15-576/1978E-PDF |
| 100 | 1 |aCarey, Susan, |eauthor. |
| 245 | 10|aMunicipal Incentive Grant Program : |ban analysis of performance / |cSusan Carey. |
| 264 | 1|aOttawa : |bProgram Evaluation Unit, Corporate Planning Division, Central Mortgage and Housing Corporation, |cFebruary, 1978. |
| 300 | |a1 online resource (iv, 80 pages) |
| 336 | |atext|btxt|2rdacontent |
| 337 | |acomputer|bc|2rdamedia |
| 338 | |aonline resource|bcr|2rdacarrier |
| 500 | |aDigitized edition from print [produced by Canada Mortgage and Housing Corporation]. |
| 504 | |aIncludes bibliographical references (page 80). |
| 520 | |a"The following analysis of the federal Municipal Incentive Grant Program (MIG) is one part of an overall evaluation of the Federal Housing Action Program (FHAP). This program was announced in late 1975. The purposes of this evaluation are to permit the Minister of State for Urban Affairs to report to the Prime Minister and the Ministers of the Treasury Board on the achievements of FHAP and the directions it might take in the future, and to provide information for a wider review of social policy on shelter. The analysis presented here provides an overview of the MIG program approximately to the middle of 1977. Due to the relative recency of the program and the fact that the impact of it is more likely to be felt in the long term, the report is more descriptive than evaluative"--Foreword. |
| 650 | 0|aFederal aid to housing|zCanada|xEvaluation. |
| 650 | 6|aAide de l'État au logement|zCanada|xÉvaluation. |
| 710 | 2 |aCentral Mortgage and Housing Corporation (Canada).|bCorporate Planning Division, |eissuing body. |
| 856 | 40|qPDF|s3.45 MB|uhttps://publications.gc.ca/collections/collection_2026/schl-cmhc/NH15-576-1978-eng.pdf |